Mapa del Montseny
Descripción Física:
1 mapa : col. : escala 1: 50000 ; 40 x 59 cm plegat a 17 x 12 cm
Otros Autores:
Centre Excursionista de Catalunya
Materias:
Montseny -- Mapes
MARC
| LEADER | 00000nam a2200000Ia 4500 | ||
|---|---|---|---|
| 001 | 23537 | ||
| 008 | 160829s1924 xx 000 0 cat d | ||
| 080 | |a RF-16-84 | ||
| 245 | |a Mapa del Montseny | ||
| 260 | |a Barcelona : |b Centre Excursionista de Catalunya, |c 1924 | ||
| 300 | |a 1 mapa : |b col. : |b escala 1: |b 50000 ; |c 40 x 59 cm plegat a 17 x 12 cm | ||
| 590 | |a A la part inferior del mapa: Executat a base d'altres mapes existents i en part aixecat de nou per Léo Aegerter, enginyer topògraf. | ||
| 590 | |a Prové de l'OPP-1714 | ||
| 650 | |a Montseny |x Mapes |9 38471 | ||
| 700 | |a Centre Excursionista de Catalunya |9 46977 | ||
| 856 | 4 | |u https://media.diba.cat/diba/fitxers/arxiu/fulletons/bib_23537_baixa.pdf |y Accés lliure | |
| 856 | 4 | |u https://media.diba.cat/diba/fitxers/arxiu/fulletons/bib_23537_baixa.pdf |y Accés lliure | |
| 901 | |a Arxiu | ||
| 942 | |n 1 |2 udc | ||
| 952 | |0 0 |1 0 |4 0 |6 RF1684 |7 1 |9 54982 |a Arxiu |b Arxiu |d 2012-08-07 |l 0 |o RF-16-84 |p 23537 |r 2016-12-01 00:00:00 |w 2016-12-01 |y ARXIU | ||
| 999 | |c 58852 |d 58852 | ||
| 900 | |a bib_23537_baixa.pdf | ||